Most Played Roblox Games - Statistics

General Stats
  • This quiz has been taken 16 times
  • The average score is 13 of 50
Answer Stats
Game Game Type % Correct
Adopt Me! Roleplay
80%
Piggy Horror
80%
Brookhaven Roleplay
70%
Doors Horror
70%
MeepCity Roleplay
70%
Welcome To Bloxburg Roleplay
70%
Tower Of Hell Obby
60%
Jailbreak Roleplay
50%
Murder Mystery 2 Action
50%
Arsenal PVP
40%
Blox Fruits PVP
40%
Fashion Famous
40%
Pet Simulator X Simulator
40%
BedWars PVP
30%
Flee The Facility Action
30%
Hide And Seek Extreme
30%
Natural Disaster Survival Survival
30%
Royale High Roleplay
30%
Bee Swarm Simulator Simulator
20%
Break In Adventure
20%
Build A Boat For Treasure
20%
Da Hood Roleplay
20%
Epic Minigames
20%
Evade Horror
20%
Mega Easy Obby Obby
20%
Survive The Killer Horror
20%
Tower Defense Simulator Simulator
20%
Work At A Pizza Place Roleplay
20%
Zombie Attack PVP
20%
All Star Tower Defense PVP
10%
Club Roblox Roleplay
10%
Color Block
10%
dum ragdoll game
10%
Islands Adventure
10%
King Legacy Action
10%
Livetopia Roleplay
10%
Mad City Roleplay
10%
Ninja Legends
10%
Prison Life Roleplay
10%
SharkBite 1 Action
10%
The Floor Is Lava Survival
10%
Tower Of Misery Obby
10%
Twilight Daycare Roleplay
10%
Dungeon Quest Adventure
0%
Funky Friday Rhythm
0%
Gacha Online Roleplay
0%
Shindo Life Action
0%
Spider Horror
0%
Super Hero Tycoon Tycoon
0%
Your Bizarre Adventure Adventure
0%
No matching quizzes found
Score Distribution
Percent of People with Each Score
Percentile by Number Answered
Your Score History
You have not taken this quiz